000 00707nam a22002177a 4500
001 84816
003 BD-RjUL
005 20250416113650.0
008 250416s1982 ii ||||| |||| 00| 0 urd d
035 _a(BD-RjUL)84816
040 _aBD-RjUL
_beng
_cBD-RjUL
041 _aurd
082 _223
_a891.43909
_bAZI 1982
245 _aاقبال: معاصرین کی نظر میں ;; Iqbāl : mu'āṣrīn ki nazar men̲ /
_cSayyid Vaqār ʻAz̤īm :وقار عظیم
260 _a Aligarh:
_bEducational Book House,
_c1982
300 _a379 p. ;
_c22 cm
600 _aIqbal, Muhammad, Sir,
_d 1877-1938
650 _aUrdu literature
650 _aUrdu literature
_vHistory and criticism
942 _2ddc
_cBK
999 _c84816
_d84816